Pooja ke phool / (Record no. 55871)

MARC details
000 -LEADER
fixed length control field 04315nam a22005657a 4500
001 - CONTROL NUMBER
control field DVD-007720-728
005 - DATE AND TIME OF LATEST TRANSACTION
control field 20110824111529.0
006 - FIXED-LENGTH DATA ELEMENTS--ADDITIONAL MATERIAL CHARACTERISTICS--GENERAL INFORMATION
fixed length control field a|||||r|||||00| 0
007 - PHYSICAL DESCRIPTION FIXED FIELD--GENERAL INFORMATION
fixed length control field vd bvaizu
008 - FIXED-LENGTH DATA ELEMENTS--GENERAL INFORMATION
fixed length control field 091030s2008 ii 137 g vlhin
010 ## - LIBRARY OF CONGRESS CONTROL NUMBER
LC control number DVD-007720-728
024 ## - OTHER STANDARD IDENTIFIER
Standard number or code DHIF2011S
Terms of availability 399.00
035 ## - SYSTEM CONTROL NUMBER
System control number DVD-007720-728
040 ## - CATALOGING SOURCE
Original cataloging agency DLC
Transcribing agency DLC
Modifying agency DLC
Description conventions amim
082 ## - DEWEY DECIMAL CLASSIFICATION NUMBER
Classification number DVD / POOJ
245 00 - TITLE STATEMENT
Title Pooja ke phool /
Statement of responsibility, etc A.V.M. present ; directed by A.Bhim Singh; music by Madan Mohan
257 ## - COUNTRY OF PRODUCING ENTITY FOR ARCHIVAL FILMS
Country of producing entity India.
260 ## - PUBLICATION, DISTRIBUTION, ETC. (IMPRINT)
Place of publication, distribution, etc New Delhi :
Name of publisher, distributor, etc Moser Baer Entertainment,
Date of publication, distribution, etc p2010.
300 ## - PHYSICAL DESCRIPTION
Extent 1 videodisc of 1 (DVD) :
Other physical details sd., b&w ;
Dimensions 4 3/4 in.
Materials specified viewing copy.
440 ## - SERIES STATEMENT/ADDED ENTRY--TITLE
Title Ashok Kumar Six classic films: 3
9 (RLIN) 33466
500 ## - GENERAL NOTE
General note Copyright notice on container: Moser baer
500 ## - GENERAL NOTE
General note Originally released theatrically in 1964.
500 ## - GENERAL NOTE
General note Summary taken from IMDB.com.
508 ## - CREATION/PRODUCTION CREDITS NOTE
Creation/production credits note Lyrics, ; music, O.P.Nayyar ;
511 1# - PARTICIPANT OR PERFORMER NOTE
Participant or performer note Ashok Kumar, Mala Sinha, Pranm Sandhya Roy,Shivraj and Dharmendra
520 ## - SUMMARY, ETC.
Summary, etc Balraj (Dharmendra), affectionately called Raj, by his elder brother (Nana Palsikar) and sister Vija (Madhumati), is a student in college in the arts semester. As the family is not very rich, Raj decides to move from the hostel to the residence of a family. He finds one such family in Gandhinagar, which consists of Choudhury Hukumat Rai (Ashok Kumar), a lawyer by profession, his wife (Nimmi), and only daughter Shanti (Mala Sinha). Hukumat takes an instant liking to Raj, and tells him that his wife will only allow him to take up residence if he tells her that he is already married. Raj reluctantly does so, and thus acquires residence with the Rai family. Eventually Mrs. Rai takes a liking to Raj, so does Shanti. Shanti finds out Raj and her dad had lied to the family about Raj's marital status, she confronts Raj, and he readily admits that he lied. Both fall in love. Mr. and Mrs. Rai are thrilled...
538 ## - SYSTEM DETAILS NOTE
System details note NTSC all region
546 ## - LANGUAGE NOTE
Language note In Hindi. with English Subtitles
650 #0 - SUBJECT ADDED ENTRY--TOPICAL TERM
Topical term or geographic name as entry element Family
Form subdivision Drama.
9 (RLIN) 33467
650 #0 - SUBJECT ADDED ENTRY--TOPICAL TERM
Topical term or geographic name as entry element Musical
Form subdivision Drama.
9 (RLIN) 33468
650 #0 - SUBJECT ADDED ENTRY--TOPICAL TERM
Topical term or geographic name as entry element Hindi
Form subdivision Drama.
9 (RLIN) 33469
700 1# - ADDED ENTRY--PERSONAL NAME
Personal name Bhim Singh, A..,
Relator term direction.
9 (RLIN) 33470
700 1# - ADDED ENTRY--PERSONAL NAME
Personal name Meiyappan, A.V.
Relator term production.
9 (RLIN) 33471
700 1# - ADDED ENTRY--PERSONAL NAME
Personal name Madan Mohan.
Relator term music.
9 (RLIN) 33472
700 1# - ADDED ENTRY--PERSONAL NAME
Personal name Vittal Rao, G.
Relator term Cinematography
9 (RLIN) 33505
710 2# - ADDED ENTRY--CORPORATE NAME
Corporate name or jurisdiction name as entry element Moser Baer (New Delhi, India)
9 (RLIN) 33473
856 ## - ELECTRONIC LOCATION AND ACCESS
Uniform Resource Identifier <a href="http://www.imdb.com/title/tt0156903/">http://www.imdb.com/title/tt0156903/</a>
942 ## - ADDED ENTRY ELEMENTS (KOHA)
Source of classification or shelving scheme Dewey Decimal Classification
Item type CD-ROMs, DVDs, VHS
Classification part DVD
Call number suffix POOJ
Holdings
Withdrawn status Lost status Source of classification or shelving scheme Damaged status Not for loan Collection code Home library Current library Date acquired Source of acquisition Cost, normal purchase price Total Checkouts Full call number Barcode Date last seen Date last borrowed Copy number Cost, replacement price Price effective from Koha item type Public note Total Renewals
    Dewey Decimal Classification     Fiction Central Library Central Library 24/08/2011 pioneer/1226/28.3.11 399.00 4 DVD POOJ DVD-007720 09/11/2012 02/11/2012 1 399.00 24/08/2011 CD-ROMs, DVDs, VHS DVD 3  
    Dewey Decimal Classification     Fiction Janak Puri Janak Puri 24/08/2011 pioneer/1226/28.3.11 399.00 5 DVD POOJ DVD-007722 20/02/2013 07/02/2013 1 399.00 24/08/2011 CD-ROMs, DVDs, VHS DVD 3  
    Dewey Decimal Classification     Fiction Karol Bagh Karol Bagh 24/08/2011 pioneer/1226/28.3.11 399.00 1 DVD POOJ DVD-007726 21/04/2015 16/04/2015 1 399.00 24/08/2011 CD-ROMs, DVDs, VHS DVD 3  
    Dewey Decimal Classification     Fiction Narela Narela 24/08/2011 pioneer/1226/28.3.11 399.00   DVD POOJ DVD-007727 24/08/2011   1 399.00 24/08/2011 CD-ROMs, DVDs, VHS DVD 3  
    Dewey Decimal Classification     Fiction Patel Nagar Patel Nagar 24/08/2011 pioneer/1226/28.3.11 399.00 2 DVD POOJ DVD-007721 09/11/2015 23/11/2012 1 399.00 24/08/2011 CD-ROMs, DVDs, VHS DVD 3 1
    Dewey Decimal Classification     Fiction R.K.Puram-8 R.K.Puram-8 24/08/2011 pioneer/1226/28.3.11 399.00 1 DVD POOJ DVD-007724 30/12/2013 22/11/2013 1 399.00 24/08/2011 CD-ROMs, DVDs, VHS DVD 3 1
    Dewey Decimal Classification     Fiction Sarojini Nagar Sarojini Nagar 24/08/2011 pioneer/1226/28.3.11 399.00 3 DVD POOJ DVD-007723 29/05/2012 22/05/2012 1 399.00 24/08/2011 CD-ROMs, DVDs, VHS DVD 3  
    Dewey Decimal Classification     Fiction Shahdara Branch Shahdara Branch 24/08/2011 pioneer/1226/28.3.11 399.00   DVD POOJ DVD-007728 24/08/2011   1 399.00 24/08/2011 CD-ROMs, DVDs, VHS DVD 3  
    Dewey Decimal Classification     Fiction Vinoba Puri Vinoba Puri 24/08/2011 pioneer/1226/28.3.11 399.00 3 DVD POOJ DVD-007725 01/12/2018 20/11/2018 1 399.00 24/08/2011 CD-ROMs, DVDs, VHS DVD 3  

© Delhi Public Library
Hit Counter
free hit counter